Normal view
MARC view
Entry Personal Name
001 - CONTROL NUMBER
- control field: 12107
003 - CONTROL NUMBER IDENTIFIER
- control field: OSt
005 - DATE AND TIME OF LATEST TRANSACTION
- control field: 20211230133518.0
008 - FIXED-LENGTH DATA ELEMENTS
- fixed length control field: 211230|| aca||aabn | a|a d
040 ## - CATALOGING SOURCE
- Original cataloging agency: OSt
- Transcribing agency: OSt
100 ## - HEADING--PERSONAL NAME
- Personal name: KESARI
670 ## - SOURCE DATA FOUND
- Source citation: Work cat.: (OSt): Raman B S and others 12103, Management Principles and Applications, 2022